|
|
|
|
| LEADER |
00666nam a22001937a 4500 |
| 008 |
150407b xxu||||| |||| 00| 0 eng d |
| 020 |
|
|
|a 9788184233551
|
| 082 |
|
|
|a 923.337 KAD
|
| 240 |
|
|
|a Kadalormakal
|
| 245 |
|
|
|a കടലോര്മ്മകള്/
|c സോമന് കടലൂര്
|
| 250 |
|
|
|a 1st ed.
|
| 260 |
|
|
|a തൃശൂര്:
|c 2014.
|
| 300 |
|
|
|a 80p.
|
| 650 |
|
|
|a Sealore
|
| 650 |
|
|
|a Environment
|
| 700 |
|
|
|a Katalur, Soman
|
| 942 |
|
|
|2 ddc
|c BK
|
| 999 |
|
|
|c 10749
|d 10749
|
| 952 |
|
|
|0 0
|1 0
|2 ddc
|4 0
|6 923_337000000000000_KAD
|7 0
|9 15270
|a MAIN
|b MAIN
|d 2015-04-07
|e Green Books
|g 70.00
|l 1
|o 923.337 KAD
|p 15483
|r 2018-10-22
|s 2018-10-12
|w 2015-04-07
|y BK
|